| 000 | 04132cam a22003977a 4500 | ||
|---|---|---|---|
| 001 | 10191662 | ||
| 003 | Nust- CAS-E0 | ||
| 005 | 20180118181407.0 | ||
| 006 | m d | ||
| 007 | cr n | ||
| 008 | 121005s2013 enka sb 000 0 eng d | ||
| 020 | _a9781447148227 (hbk. : alk. paper) | ||
| 020 | _a1447148223 (hbk. : alk. paper) | ||
| 020 | _a9781447148234 (ebk.) | ||
| 035 | _a(WaSeSS)ssj0000811546 | ||
| 040 |
_aIXA _beng _cIXA _dBTCTA _dYDXCP _dBWX _dDLC _dWaSeSS |
||
| 042 | _alccopycat | ||
| 050 | 4 |
_aTK2960 _b.O74 2013 |
|
| 082 |
_a621.31244 _bORG 2013 |
||
| 210 | 1 | 0 | _aOrganic solar cells |
| 245 | 0 | 0 |
_aOrganic solar cells _h[electronic resource] : _bmaterials and device physics / _cWallace C.H. Choy, editor. |
| 260 |
_aLondon ; _aNew York : _bSpringer, _cc2013. |
||
| 490 | 1 |
_aGreen energy and technology, _x1865-3529 |
|
| 502 | _a0 | ||
| 504 | _aIncludes bibliographical references. | ||
| 505 | 0 | 0 |
_tIntroduction to Organic Solar Cells / _rDixon D. S. Fung and Wallace C. H. Choy -- _tActive Layer Materials for Organic Solar Cells / _rJianhui Hou and Xia Guo -- _tInterface Engineering for High Performance Bulk-Heterojunction Polymeric Solar Cells / _rChunhui Duan, Chengmei Zhong, Fei Huang and Yong Cao -- _tGraphene for Transparent Electrodes and Organic Electronic Devices / _rXiangjian Wan, Guankui Long and Yongsheng Chen -- _tExciton and Charge Dynamics in Polymer Solar Cells Studied by Transient Absorption Spectroscopy / _rHideo Ohkita and Shinzaburo Ito -- _tInterface Stability of Polymer and Small-Molecule Organic Photovoltaics / _rDegradation Mechanisms, Characterization Techniques, and Improvement Approaches / _rD. W. Zhao, L. Ke, W. Huang and X. W. Sun -- _tTheoretical Studies of Plasmonic Effects in Organic Solar Cells / _rWei E. I. Sha, Wallace C. H. Choy and Weng Cho Chew -- _tExperimental Studies of Plasmonic Nanoparticle Effects on Organic Solar Cells / _rDixon D. S. Fung and Wallace C. H. Choy -- _tHybrid Solar Cells with Polymer and Inorganic Nanocrystals / _rQidong Tai and Feng Yan. |
| 506 | _aLicense restrictions may limit access. | ||
| 520 | _a"Organic solar cells have emerged as new promising photovoltaic devices due to their potential applications in large area, printable and flexible solar panels. Organic Solar Cells: Materials and Device Physics offers an updated review on the topics covering the synthesis, properties and applications of new materials for various critical roles in devices from electrodes, interface and carrier transport materials, to the active layer composed of donors and acceptors.Addressing the important device physics issues of carrier and exciton dynamics and interface stability and novel light trapping structures, the potential for hybrid organic solar cells to provide high efficiency solar cells is examined and discussed in detail. Specific chapters covers key areas including: Latest research and designs for highly effective polymer donors/acceptors and interface materials; Synthesis and application of highly transparent and conductive graphene; Exciton and charge dynamics for in-depth understanding of the mechanism underlying organic solar cells; New potentials and emerging functionalities of plasmonic effects in OSCs; Interface Degradation Mechanisms in organic photovoltaics improving the entire device lifetime; Device architecture and operation mechanism of organic/ inorganic hybrid solar cells for next generation of high performance photovoltaics. This reference can be practically and theoretically applied by senior undergraduates, postgraduates, engineers, scientists, researchers, and project managers with some fundamental knowledge in organic and inorganic semiconductor materials or devices"--Provided by publisher. | ||
| 650 | 0 |
_aSolar cells _xMaterials. |
|
| 700 | 1 |
_aChoy, Wallace C. H. _q(Wallace Chik Ho) |
|
| 773 | 0 | _tSpringerLink ebooks - Energy (2013) | |
| 830 | 0 | _aGreen energy and technology. | |
| 856 | 4 | 0 |
_uhttp://www.columbia.edu/cgi-bin/cul/resolve?clio10191662 _zFull text available from SpringerLink ebooks - Energy (2013) |
| 910 | _aLibrary of Congress record | ||
| 942 |
_2ddc _cBK |
||
| 999 |
_c355630 _d355630 |
||